Normal view MARC view

Entry Personal Name

Number of records used in: 1

001 - CONTROL NUMBER

  • control field: 563221

003 - CONTROL NUMBER IDENTIFIER

  • control field: OSt

005 - DATE AND TIME OF LATEST TRANSACTION

  • control field: 20220930194417.0

008 - FIXED-LENGTH DATA ELEMENTS

  • fixed length control field: 220930|| aca||aabn | a|a d

040 ## - CATALOGING SOURCE

  • Original cataloging agency: OSt
  • Transcribing agency: OSt

100 ## - HEADING--PERSONAL NAME

  • Personal name: Shah Yashodhara

670 ## - SOURCE DATA FOUND

  • Source citation: Work cat.: (OSt)897687: Shah Yashodhara, Level of interleukin-1(1L-1), soluble interleukin-2 receptors (SIL-2R) in convalescing patients of reaction of leprosy type 1 (lepra) and type 11(ENL) and their possible role in modifying of C reative protein and other acute phase reactants, 1990
Copyright @ Delhi University Library System